| 000 | 00974nam a22002897a 4500 | ||
|---|---|---|---|
| 001 | BR2015004404 | ||
| 003 | BR-BrBNA | ||
| 005 | 20230928104709.0 | ||
| 007 | ta | ||
| 008 | 230509b bl.||||| |||| 00| 0 por d | ||
| 040 |
_aBR-BrBNA _bpor _cBiblioteca Nacional de Agricultura |
||
| 041 | _a(Por) | ||
| 072 | _aQ03; E50 | ||
| 090 | _ Q03 BR2015004404 | ||
| 110 | 1 |
_aEMBRAPA Transferência de Tecnologia, Brasília, DF (Brasil) _93752 |
|
| 245 | 1 |
_aBoas práticas agrícolas para produção de alimentos seguros no campo: cuidados com higiene e limpeza, segurança e manutenção _bSérie Qualidade e Segurança dos Alimentos |
|
| 260 | 3 |
_aBrasília, DF (Brasil): _c2005. |
|
| 300 | _a39 p. | ||
| 500 | _a13 ref.; 44 illus.; 7 tables | ||
| 650 | _aAGRICULTURA | ||
| 650 | _aINSTALAÇÃO AGRÍCOLA | ||
| 650 | _aSEGURANÇA ALIMENTAR | ||
| 650 | _aPREVENÇÃO DE ACIDENTE | ||
| 650 | _aCONTROLE INTEGRADO | ||
| 909 |
_a202309 _bLucia _c55 _dLucia Elande |
||
| 942 | _cBK | ||
| 999 |
_c81260 _d81260 |
||